[Event "85th Southwest Open 2019"]
[Site "Dallas"]
[Date "2019.09.01"]
[Round "6.18"]
[White "Kung, Thomas"]
[Black "Wheeler, Cameron"]
[Result "1/2-1/2"]
[WhiteElo "2200"]
[BlackElo "2397"]
[Annotator "TA"]
[PlyCount "93"]
[EventDate "2019.08.29"]
[EventType "swiss"]
[EventCountry "USA"]
[SourceTitle "playchess.com"]
[Source "ChessBase"]
[SourceQuality "1"]

{[%evp 10,93,18,20,18,8,17,11,24,16,25,3,18,8,58,0,0,10,13,0,63,28,43,42,102,97,145,142,134,98,774,99,110,114,126,82,110,107,50,0,0,0,0,0,0,0,0,0,0,0,0,0,0,0,0,0,17,11,11,6,11,11,12,0,0,0,0,0,0,0,0,0,0,0,0,0,0,0,0,0,0,0,0,0,0,0]} 1. e4 e6 2. d4 d5 3. Nd2 c5 4. Ngf3 cxd4 5. exd5 Qxd5 6. Bc4 Qd7 {C07: French Tarrasch: 3...c5, 4 Ngf3 and 4 exd5 Qxd5} 7. Nb3 Nc6 8. Nbxd4 Nxd4 9. Nxd4 {Bb5 is the strong threat.} a6 10. Bf4 b5 $146 ({Predecessor:} 10... Nf6 11. O-O b5 12. Bb3 Bb7 13. Re1 Be7 14. c3 {½-½ (85) Adams,M (2703)-McShane,L (2664) London 2018}) 11. Bb3 $36 {[%mdl 2048] Black is under pressure.} Bb7 12. Qd2 ({White should try} 12. Be5 $14) 12... Bxg2 13. Rg1 Bd5 14. O-O-O Bxb3 (14... Ne7 $11) 15. axb3 $14 Ne7 16. Qe2 Nd5 (16... Qd5 $14) 17. Be5 $16 f6 {[#]} 18. Bxf6 $1 {[%mdl 512]} Nxf6 ({Don't go for} 18... gxf6 $2 19. Nxe6 Bh6+ 20. f4 $18) 19. Nxe6 Qc8 $2 {[%mdl 8192]} (19... Qc6 $16) 20. Rd8+ $2 (20. Nd8+ $18 {and White stays clearly on top.} Be7 21. Rxg7) 20... Qxd8 21. Nxd8+ Kxd8 22. Qe6 {Black must now prevent Qb6+.} Kc7 23. Rg3 {[%mdl 1024] Strongly threatening Rc3+. White has strong compensation.} b4 24. Qc4+ Kb7 {The position is equal.} 25. Qf7+ $1 Kb6 $1 26. Re3 {Intending Re6+ and mate.} Rc8 27. Re6+ Rc6 28. Rxc6+ Kxc6 29. Qa7 Bc5 30. Qxa6+ Kc7 31. Qc4 Nd7 32. c3 Kd8 33. Qf7 g6 34. h4 Rf8 35. Qxh7 Bxf2 36. Qxg6 {And now Qg5+ would win.} Bxh4 37. Qe4 Bg5+ 38. Kc2 Rf2+ 39. Kb1 Rf4 40. Qd5 Bf6 41. Kc2 Ke7 42. Qc6 Be5 43. Kb1 Rf1+ 44. Kc2 Rf4 45. Kb1 Rh4 46. Qf3 Rf4 47. Qc6 {Accuracy: White = 66%, Black = 64%.} 1/2-1/2

[Event "85th Southwest Open 2019"]
[Site "Dallas"]
[Date "2019.09.01"]
[Round "6.19"]
[White "Gutla, Aryan"]
[Black "Li, Ben"]
[Result "0-1"]
[WhiteElo "1631"]
[BlackElo "2407"]
[Annotator "TA"]
[PlyCount "66"]
[EventDate "2019.08.29"]
[EventType "swiss"]
[EventCountry "USA"]
[SourceTitle "playchess.com"]
[Source "ChessBase"]
[SourceQuality "1"]

{[%evp 20,66,0,0,14,-10,17,-16,-13,-11,62,60,58,45,104,93,96,95,89,93,235,97,88,0,0,-61,60,62,46,0,0,0,0,-159,0,-139,-130,-190,-118,-335,-336,-318,-314,-364,-368,-410,-456,-706,-350]} 1. e4 e5 2. Nf3 Nc6 3. Bc4 Bc5 4. O-O d6 5. c3 Nf6 6. d3 a6 7. Nbd2 Ba7 8. Bb3 h6 9. Nc4 O-O 10. Bc2 Be6 11. Ne3 Ne7 {C54: Giuoco Piano: 4 c3 Nf6, main lines with 5 d4 and 5 d3} (11... d5 12. exd5 Nxd5 13. Nxd5 Bxd5 14. Be3 Qf6 15. Nd2 Nd4 16. Bb1 Qc6 17. cxd4 Bxg2 18. Qg4 Bxf1 19. Nxf1 Bxd4 20. Bxd4 exd4 21. Qxd4 {0-1 (40) Zufic,M (2461)-Malakhov,V (2715) Sibenik 2009}) 12. Nh4 c5 $146 ({Predecessor:} 12... Qd7 13. Qf3 Ng6 14. Nhf5 Bxe3 15. fxe3 Nh7 16. h4 Ne7 17. d4 g6 18. Ng3 Bg4 {½-½ (18) Der Manuelian,H (2262)-Krishnater,K (2305) Paracin 2018}) 13. f4 exf4 {The position is equal.} 14. Rxf4 Nc6 (14... Ng6 $1 $11 15. Nxg6 fxg6) 15. Nhf5 $14 Ne5 16. Qf1 Ng6 ({Better is} 16... Kh8 $14) 17. Nxh6+ $16 Kh7 18. Nhf5 Nxf4 19. Qxf4 {Black must now prevent Qg5.} Ne8 (19... Rh8 $16 {is a better defense.}) 20. Ng4 (20. Nd5 $18 {has better winning chances. White threatens Nde7 and mate.} Bxd5 21. exd5) 20... Rh8 21. h4 (21. Bd2 $16) 21... Kg8 $11 22. Nge3 (22. g3 $11) 22... b5 ({Black should try} 22... g6 $15 23. Nh6+ Kg7) 23. Bd2 $14 Bb8 24. d4 cxd4 $1 25. cxd4 Ba7 $1 26. Qg3 $2 (26. Rf1 $11) 26... Rc8 $2 ({Black should play} 26... Kf8 $17 {And now ...g6 would win.} 27. Bb3 Bxb3 28. axb3 g6) 27. Bd3 (27. Bb3 $11) 27... g6 $17 {Hoping for ...Kf8.} 28. Rf1 (28. Nc2 $17 Bxf5 29. exf5 Qxh4 30. Qxh4 Rxh4 31. Be3) 28... Ng7 (28... Kf8 $19 29. d5 Bxf5 30. exf5 Qxh4 31. Qxh4 Rxh4 32. fxg6 Rc7) 29. Nxd6 $2 {[#]} (29. Nxg7 $17 Kxg7 30. d5) 29... Rc6 $1 $19 {[%cal Rc6d6]} (29... Bxd4 30. Nxc8 Bxc8 31. Qg5 $15) 30. e5 Bxd4 31. Qf3 Rc7 ({Weaker is} 31... Bxe5 32. Qxc6 (32. Nxf7 $2 Bxf7 33. Qxf7+ Kh7 $19) 32... Bxd6 33. Ba5 $17) (31... Rxd6 $2 32. exd6 Qxd6 33. Be1 $19) 32. Ba5 Bxe5 33. Nxf7 {[#]} (33. Ne4 $142 Qxh4 34. Bxc7 Bxc7 35. Rd1) 33... Bxf7 {Accuracy: White = 33%, Black = 51%.} (33... Bh2+ $142 $1 {[%mdl 512]} 34. Kf2 (34. Kxh2 Qxh4+) 34... Qxh4+ 35. Ke2 Rxf7) 0-1

[Event "85th Southwest Open 2019"]
[Site "Dallas"]
[Date "2019.09.01"]
[Round "6.20"]
[White "Metpally, Jason"]
[Black "Li, Zhaozhi"]
[Result "0-1"]
[WhiteElo "2125"]
[BlackElo "2423"]
[Annotator "TA"]
[PlyCount "134"]
[EventDate "2019.08.29"]
[EventType "swiss"]
[EventCountry "USA"]
[SourceTitle "playchess.com"]
[Source "ChessBase"]
[SourceQuality "1"]

{[%evp 15,134,-18,-11,-48,-43,-45,-36,-77,-73,-70,-61,-59,-75,-68,-36,-69,-62,-72,-19,-73,-72,-79,-76,-77,-77,-124,-89,-133,-123,-121,-75,-87,-87,-74,-29,-66,-27,-56,-37,-55,-25,-45,-45,-148,-142,-130,-115,-133,-134,-250,-250,-196,-129,-124,-124,-125,-121,-114,-79,-99,-93,-91,-91,-95,-86,-98,-91,-128,-123,-120,-125,-136,-115,-132,-122,-129,-106,-187,-187,-187,-187,-187,-187,-187,-187,-186,-103,-111,-111,-111,-111,-111,-111,-111,-111,-125,-127,-136,-132,-124,-125,-181,-173,-181,-181,-181,-179,-171,-100,-111,-111,-118,-112,-113,-120,-116,-111,-114,-117,-29979,-29980]} 1. d4 Nf6 2. c4 e6 3. g3 d5 4. Nf3 Bb4+ 5. Nc3 O-O 6. Bg2 dxc4 7. O-O Nc6 {[%cal Bb8c6,Bc6a5,Ba5b3][%mdl 32]} 8. a3 Be7 9. e4 {E20: Nimzo-Indian: 4 g3 and 4 f3} a6 (9... Na5 10. Be3 c6 11. Qc2 b5 12. Rad1 Bb7 13. Ne5 Qc7 14. f4 Rad8 15. g4 a6 16. g5 Ne8 {0-1 (42) Salem,A (2672)-Movsesian,S (2629) chess.com INT 2019}) 10. Be3 b5 11. Qe2 {Black is slightly better.} Bb7 12. Rad1 Na5 13. d5 exd5 14. exd5 $146 ({Predecessor:} 14. e5 Ne8 15. e6 c6 16. exf7+ Rxf7 {0-1 (34) Hunger,H (2402)-Laurenc,P (2415) ICCF email 2014}) 14... Nb3 ({Stronger than} 14... Nxd5 15. Nxd5 Bxd5 16. Ne5 $16) 15. Nd4 Nxd4 16. Bxd4 {Hoping for d6!} Bd6 (16... Re8 $17 17. Qd2 Bf8) 17. Rfe1 (17. a4 $11 {remains equal.}) 17... Re8 $17 18. Qc2 Rxe1+ 19. Rxe1 Bf8 20. Re5 Nd7 21. Rh5 {[%csl Gh5][%cal Rc2h7]} g6 22. Rh4 Bc5 23. a4 Bxd4 (23... Be7 {keeps more tension.} 24. Re4 Nc5 25. Re1 Nd3 26. Re2 Bf6) 24. Rxd4 Qf6 25. Qd2 Nc5 {White must now prevent ...Nb3.} 26. Qe3 $1 Qb6 $36 {[%mdl 2048] Black has the initiative.} 27. d6 Bxg2 ({But not} 27... cxd6 $6 28. Bxb7 Nxb7 29. Nd5 $14) 28. Kxg2 {And now Nd5 would win.} Ne6 29. Rd2 (29. Qf3 $15 Rb8 30. Rd1) 29... Qxe3 30. fxe3 {[%mdl 4096] Endgame KRN-KRN} b4 31. Nd5 {[%mdl 64] Double Attack} cxd6 32. Nb6 (32. Nxb4 $17 {might work better.} Nc5 33. Rxd6) 32... c3 $19 33. bxc3 bxc3 (33... Rb8 $1 $19 {[%cal Rb8b6]} 34. a5 b3) 34. Rc2 $17 Rb8 35. a5 Nc5 36. Rxc3 Nb7 37. Rc6 Nxa5 38. Rxd6 Nb7 39. Rc6 Nd8 40. Rd6 Ne6 41. Nc4 Rc8 42. Ne5 Rc5 43. Nd7 Rc2+ 44. Kf3 Rxh2 45. Rxa6 Kg7 46. Ra5 (46. g4 $17 {is a better defense.}) 46... h6 $1 $19 47. g4 Ng5+ $1 48. Kg3 Rh3+ 49. Kf2 Ne4+ 50. Ke2 {[#]} Rg3 (50... Rh2+ $1 $19 51. Kf3 Nd2+ 52. Kg3 Re2) 51. Ra7 Ng5 52. Ra4 Rg2+ 53. Kf1 Rd2 54. Ne5 Kf6 55. Nc4 Rc2 56. Ra6+ Ne6 57. Nd6 Nc7 58. Ra5 (58. Ra3 $17 {was necessary.}) 58... Ke6 59. Ne4 Nd5 60. Ra3 Ke5 61. Nf2 {[#]} Nf6 ({Black should try} 61... Rc3 $1 $19 62. Rxc3 Nxc3) 62. Ra5+ Ke6 63. Ra4 Nd5 64. Re4+ Kf6 65. Kg2 Nb6 66. Kf3 Nc4 {...Nd2+ is the strong threat.} 67. Nh1 $2 {[%mdl 8192]} (67. Rf4+ $17 Kg7 68. Nd3) 67... Nd2+ {[%mdl 64] Double Attack. Accuracy: White = 50%, Black = 69%.} 0-1

[Event "85th Southwest Open 2019"]
[Site "Dallas"]
[Date "2019.09.01"]
[Round "6.21"]
[White "Easton, Jack"]
[Black "Guo, Arthur"]
[Result "0-1"]
[WhiteElo "2182"]
[BlackElo "2295"]
[Annotator "RC"]
[PlyCount "60"]
[EventDate "2019.08.29"]
[EventType "swiss"]
[EventCountry "USA"]
[SourceTitle "playchess.com"]
[Source "ChessBase"]
[SourceQuality "1"]
[TimeControl "5400+30"]

1. d4 {[%emt 0:03:27]} Nf6 {[%emt 0:00:00]} 2. c4 {[%emt 0:00:01]} e6 {[%emt 0:00:00]} 3. Nc3 {[%emt 0:00:02]} Bb4 {[%emt 0:00:00]} 4. Qc2 {[%emt 0:00:01]} d6 {[%emt 0:00:16]} 5. Nf3 {[%emt 0:06:42]} Nbd7 {[%emt 0:00:41]} 6. g4 {[%emt 0:01:42]} d5 {[%emt 0:02:25]} 7. Bd2 {[%emt 0:02:07]} O-O {[%emt 0:02:55]} 8. g5 {[%emt 0:10:03]} Bxc3 {[%emt 0:00:13]} 9. Bxc3 {[%emt 0:00:03]} Ne4 {[%emt 0:00:08]} 10. h4 {[%emt 0:01:11]} b6 {[%emt 0:02:59]} 11. Bg2 {[%emt 0:06:43]} Ba6 {[%emt 0:06:23]} 12. cxd5 {[%emt 0:04:35]} exd5 {[%emt 0:00:24]} 13. Nd2 {[%emt 0:00:25]} Nxc3 {[%emt 0:07:15]} 14. Qxc3 {[%emt 0:00:01]} Re8 {[%emt 0:01:27]} 15. O-O-O {[%emt 0:03:03]} Bxe2 {[%emt 0:05:25]} 16. Rdg1 {[%emt 0:05:03]} c5 {[%emt 0:05:50]} 17. Kb1 {[%emt 0:00:45]} Rc8 {[%emt 0:06:26]} 18. h5 {[%emt 0:05:12]} Nf8 {[%emt 0:08:10]} 19. Bh3 {[%emt 0:03:46]} Ne6 {[%emt 0:03:07]} 20. g6 {[%emt 0:08:30]} fxg6 {[%emt 0:01:46]} 21. hxg6 {[%emt 0:00:01]} h6 {[%emt 0:00:28]} 22. dxc5 {[%emt 0:14:02]} bxc5 {[%emt 0:03:09]} 23. Re1 {[%emt 0:10:58]} d4 {[%emt 0:03:59]} 24. Qa3 {[%emt 0:01:28]} d3 {[%emt 0:01:22]} 25. Qxa7 {[%emt 0:00:10]} Rc7 {[%emt 0:04:36]} 26. Qa6 {[%emt 0:00:28]} Nd4 {[%emt 0:02:07]} 27. Qc4+ {[%emt 0:01:15]} Kh8 {[%emt 0:00:02]} 28. Bg2 {[%emt 0:04:40]} Qg5 {[%emt 0:01:55]} 29. Ne4 {[%emt 0:01:23]} Qxg2 {[%emt 0:00:51]} 30. Nxc5 {[%emt 0:03:07]} Qxg6 {[%emt 0:01:39]} 0-1

[Event "85th Southwest Open 2019"]
[Site "Dallas"]
[Date "2019.09.01"]
[Round "6.22"]
[White "Logozar, Elijah"]
[Black "Kumar, Nikhil"]
[Result "0-1"]
[WhiteElo "2058"]
[BlackElo "2297"]
[Annotator "TA"]
[PlyCount "58"]
[EventDate "2019.08.29"]
[EventType "swiss"]
[EventCountry "USA"]
[SourceTitle "playchess.com"]
[Source "ChessBase"]
[SourceQuality "1"]

{[%evp 9,58,0,0,0,12,10,25,17,11,13,11,4,15,0,29,42,37,35,62,56,64,53,53,54,60,57,72,0,6,0,0,0,0,0,0,0,0,0,0,0,21,21,21,21,22,0,0,0,0,0,0]} 1. e4 c6 2. d4 d5 3. e5 c5 4. dxc5 e6 5. a3 Bxc5 (5... Nc6 6. Nf3 Bxc5 7. b4 Bb6 8. b5 Nb8 9. Bb2 a6 10. a4 Nh6 11. Be2 axb5 12. axb5 Rxa1 13. Bxa1 {1-0 (40) Grischuk,A (2771)-Navara,D (2739) Shamkir 2019}) 6. Nf3 {B12: Caro-Kann: Advance Variation} f6 7. b4 Be7 8. Bb2 {White has an edge.} a5 9. b5 Nd7 10. Bd3 Nh6 11. Qe2 fxe5 $146 ({Predecessor:} 11... O-O 12. O-O Nf7 13. exf6 Bxf6 {½-½ (47) Warakomska,A (2293)-Giacomini,H (2178) Hoogeveen 2018}) 12. Nxe5 Nxe5 13. Bxe5 Bf6 14. Nd2 Nf7 15. Bxf6 Qxf6 16. O-O O-O 17. Rae1 Bd7 18. Nf3 (18. c4 $16) 18... Rae8 $11 {aiming for ...e5.The position is equal.} 19. Ne5 Nxe5 20. Qxe5 Qxe5 21. Rxe5 Rf4 22. g3 Ra4 23. Ra1 Rc8 24. f4 g6 {White should prevent ...Rc3.} 25. c4 Rc5 26. Kf2 Kf7 27. Ke3 Ke7 28. h4 Kd6 29. h5 gxh5 {[%mdl 32768] Accuracy: White = 53%, Black = 70%. . Loss on time!?} 0-1

[Event "85th Southwest Open 2019"]
[Site "Dallas"]
[Date "2019.09.01"]
[Round "6.23"]
[White "Yim, Sung Ho"]
[Black "Polavaram, Rithik"]
[Result "1/2-1/2"]
[WhiteElo "2258"]
[BlackElo "2062"]
[Annotator "TA"]
[PlyCount "90"]
[EventDate "2019.08.29"]
[EventType "swiss"]
[EventCountry "USA"]
[SourceTitle "playchess.com"]
[Source "ChessBase"]
[SourceQuality "1"]

{[%evp 9,90,24,29,26,22,29,71,86,210,199,203,184,152,133,121,93,160,156,164,152,376,367,451,181,270,208,206,95,125,115,137,89,103,-36,-33,-33,-33,-57,-56,-54,-43,-43,-43,-63,18,-16,-6,-33,-23,-118,-111,-154,-146,-154,-147,-172,-133,-148,-146,-163,-142,-175,-157,-169,-143,-212,-170,-254,-201,-220,-142,-212,-206,-185,-147,-146,-136,-141,0,-128,0,-155,-126]} 1. d4 Nf6 2. c4 e6 3. Nf3 c5 4. d5 b5 5. e4 Nxe4 6. Bd3 {E10: Blumenfeld Gambit} Nf6 7. Nc3 (7. O-O Bb7 8. Nc3 Be7 9. Nxb5 exd5 10. cxd5 d6 11. Nh4 O-O 12. Nf5 a6 13. Nc3 {½-½ (44) Vitiugov,N (2724)-Kvon,A (2500) Helsingor 2017}) 7... b4 8. Ne4 $1 {White is better.} exd5 $146 (8... a5 $16) ({Predecessor:} 8... d6 9. Nxf6+ gxf6 10. dxe6 fxe6 11. Be4 d5 12. cxd5 Bb7 13. Ne5 fxe5 {1-0 (27) Pinho,P (2205)-Cano Sevila,I (1950) Caleta 2019}) 9. Nxf6+ $18 Qxf6 10. Bg5 $1 {[%cal Rg5f6]} Qb6 ({Don't play} 10... Qxb2 $6 11. O-O $14) 11. cxd5 {Qe2+ is the strong threat.} f6 12. Bh4 {[%mdl 1024] Strongly threatening Ne5! White has strong compensation.} Be7 {[#]} (12... Bd6 $142) 13. O-O $1 $16 {Threatens to win with Qe2.} d6 14. Nd2 g6 $2 (14... g5 $16) 15. Re1 $18 Kf7 16. Bg3 ({Not} 16. Qe2 Qd8 $18) (16. Rxe7+ $142 Kxe7 17. Qe2+ Kf7 18. Re1) 16... Qc7 (16... Qd8 {keeps fighting.} 17. Qe2 a5) 17. Nc4 Rd8 18. Qd2 (18. Qf3 $18) 18... Kg7 19. a3 bxa3 20. bxa3 Bf8 21. Bf4 (21. h4 $16) 21... Nd7 $1 $15 22. Bh6+ Kg8 23. Bxf8 Rxf8 24. Re7 {Intending Qh6 and mate.} Qd8 $1 {[%cal Rd8e7]} 25. Re3 Ne5 26. Rae1 Kf7 (26... Bf5 $15 27. Bf1 Qd7) 27. f4 ({Much weaker is} 27. Nxe5+ fxe5 28. f4 exf4 $17) 27... Nxc4 28. Bxc4 Bd7 29. Qe2 {[#]} (29. f5 $11 {keeps the balance.}) 29... Re8 $1 $17 30. Qf2 Rxe3 31. Rxe3 f5 32. Rh3 Kg8 33. Re3 Rb8 34. h3 Qf6 35. Re2 Kf8 36. Kh2 h5 37. Rd2 (37. a4 $17 {is a better defense.}) 37... Qc3 38. Bf1 (38. Rc2 $142 Qa1 39. Ra2) 38... Kf7 39. Rd3 Qf6 40. Qd2 (40. Qe1 $17 {was called for.}) 40... Qa1 $19 41. Rf3 {White wants to play Qa5.} Qb2 42. Qa5 {next Qc7 is good for White.} Qb6 43. Qd2 Qb2 44. Qa5 $1 {With the idea Qc7.} Qb6 45. Qd2 $1 Qb7 {Accuracy: White = 46%, Black = 55%.} 1/2-1/2

[Event "85th Southwest Open 2019"]
[Site "Dallas"]
[Date "2019.09.01"]
[Round "6.24"]
[White "Green, Austen"]
[Black "Kumar, Naman"]
[Result "1/2-1/2"]
[WhiteElo "2132"]
[BlackElo "2158"]
[Annotator "TA"]
[PlyCount "97"]
[EventDate "2019.08.29"]
[EventType "swiss"]
[EventCountry "USA"]
[SourceTitle "playchess.com"]
[Source "ChessBase"]
[SourceQuality "1"]

{[%evp 10,97,10,10,10,12,14,8,10,17,18,0,7,7,29,29,46,51,60,48,47,0,0,0,0,-51,-67,-67,-52,-91,-75,-85,-60,-68,-35,-65,-65,-67,-66,-96,-53,-91,-52,-62,-51,-54,-33,-70,-70,-64,-70,-158,-114,-179,-176,-211,-197,-210,-56,-56,-56,-56,-56,-57,-56,-56,-56,-56,-56,-56,-56,-56,-40,-42,-8,-12,-8,-8,-8,-8,-8,-8,-8,-8,0,0,0,0,0,0]} 1. e4 e5 2. Nf3 Nc6 3. d4 exd4 4. Nxd4 Bc5 5. Nxc6 bxc6 6. Bd3 Qh4 {[%csl Gc5][%cal Rh4f2] C45: Scotch Game} 7. Qe2 Nf6 8. Be3 Bxe3 9. Qxe3 O-O 10. Nd2 Re8 11. O-O d5 {[%cal Rd5e4]} 12. f3 Bd7 $146 ({Predecessor:} 12... dxe4 13. Nxe4 Bf5 14. g3 {1-0 (54) Indjic,A (2620)-Masrahi,A (1903) St Petersburg 2018}) 13. Rae1 Re7 14. Qf2 Qf4 15. e5 Rxe5 16. g3 Rg5 $1 17. Kh1 (17. Nb3 $11) 17... Qd6 $15 18. c4 {White wants to play c5.} d4 19. b4 Qxb4 20. Qxd4 Qd6 21. Qc3 Rd8 22. Ne4 Nxe4 23. Bxe4 Rh5 $40 {[%mdl 128] Black has some attack.} 24. f4 Bg4 25. Bg2 Qh6 26. h4 Qd6 27. Re3 Rh6 28. f5 Rf6 29. c5 Qd7 30. Qa5 (30. Rfe1 $15 h6 31. Re7) 30... Rxf5 31. Rfe1 (31. Rxf5 $17 {keeps fighting.} Bxf5 32. Kh2) 31... h6 $19 32. Re7 Qd3 33. Qxc7 Bf3 $2 ({Black should play} 33... Kh7 $1 $19 {And now ...Bf3 would win.} 34. R1e3 {[#]} Rf1+ $1 {[%mdl 512]} 35. Kh2 Qd2 $1 {[%mdl 512]} 36. Qxd8 Qxd8 37. Bxf1 Qd2+ 38. Kg1 Qxa2) 34. Qxd8+ $1 $15 {[%mdl 64] Remove Defender} Qxd8 35. Re8+ {[#]} Qxe8 $1 36. Rxe8+ {[%mdl 4096] Endgame KRB-KRB} Kh7 37. Ra8 Bxg2+ 38. Kxg2 Rxc5 {Threatens to win with ...Rc2+.} 39. Rxa7 {KR-KR} Kg6 40. a4 {[%cal Ba2a4,Ba4a5,Ba5a6,Ba6a7][%mdl 32]} Rc3 41. Rc7 h5 42. a5 {The position is equal.} f6 43. a6 c5 {[%cal Bc6c5,Bc5c4,Bc4c3][%mdl 32]} 44. a7 Ra3 45. Kf2 c4 46. Ke2 c3 47. Kd3 Kh6 48. Rf7 Kg6 49. Rc7 {Accuracy: White = 52%, Black = 52%.} 1/2-1/2

[Event "85th Southwest Open 2019"]
[Site "Dallas"]
[Date "2019.09.01"]
[Round "6.25"]
[White "Yanayt, Eugene"]
[Black "Chen, Ryo"]
[Result "1-0"]
[WhiteElo "2240"]
[BlackElo "1957"]
[Annotator "TA"]
[PlyCount "103"]
[EventDate "2019.08.29"]
[EventType "swiss"]
[EventCountry "USA"]
[SourceTitle "playchess.com"]
[Source "ChessBase"]
[SourceQuality "1"]

{[%evp 14,103,62,22,29,34,29,27,47,37,27,23,97,98,117,91,108,81,153,153,153,153,153,146,177,141,257,258,285,159,249,235,322,325,337,317,371,366,334,54,42,51,137,85,81,14,14,14,14,14,14,14,10,14,17,0,56,59,115,122,139,147,269,274,330,320,381,368,992,975,891,877,1371,1356,5089,5089,2343,2296,29988,29984,29985,29986,29989,29987,29992,29993,29994,29995,29996,29997,29997,29998]} 1. e4 c5 2. Nf3 d6 3. d4 cxd4 4. Nxd4 Nf6 5. Nc3 g6 6. Be3 Bg7 7. f3 a6 8. Bc4 Nbd7 {B75: Sicilian Dragon: Yugoslav Attack, Miscellaneous} 9. Qd2 b5 10. Bb3 Bb7 {White has an edge.} 11. Bh6 Bxh6 12. Qxh6 Qb6 (12... b4 $11 13. Nd5 (13. Qg7 Rf8 $11) 13... e5) (12... Rc8 13. O-O-O Rxc3 14. bxc3 Qc7 15. Kb2 Ne5 16. Rhe1 {1-0 (56) So,W (2808)-Javakhadze,Z (2468) chess.com INT 2017}) 13. O-O-O $36 {[%mdl 2048] White is in control.} Nc5 14. Rhe1 Qc7 $146 ({Predecessor:} 14... Nxb3+ 15. cxb3 Qc5 16. Kb1 {½-½ (56) Baglan,E (2225)-Gokerkan,C (2291) Gebze 2016}) 15. Bd5 Nxd5 ({Black should play} 15... Na4) 16. Nxd5 ({Much less strong is} 16. exd5 b4 $16) 16... Bxd5 17. exd5 O-O-O 18. Kb1 Na4 19. Re3 Qb7 (19... Rde8 $16 20. Rde1 Qc5) 20. Nc6 $18 Rde8 21. Qf4 (21. b3 $18 Nc5 22. Rc3) 21... e5 (21... e6 $16 22. Qxd6 Qc7 23. Qxc7+ (23. dxe6 Qxd6 24. Rxd6 Kc7 $16) 23... Kxc7) 22. Qb4 Qb6 23. Ra3 {And now Rxa4 would win.} Nc5 24. c4 Kc7 25. cxb5 Qxb5 26. Qxb5 $2 (26. Qd2 $18) 26... axb5 $14 27. Ra7+ Nb7 {[#]} (27... Kb6 $1 $14) 28. Na5 (28. Nb4 $142 $1) 28... Rb8 $16 {[#]} 29. Rc1+ ({White should try} 29. Nxb7 $1 $16 {Threatens to win with Na5+.} Rxb7 30. Rc1+ Kb6 31. Ra3) 29... Kb6 $11 {[%mdl 64] Double Attack} 30. Rxb7+ Rxb7 31. Nxb7 Kxb7 {[%mdl 4096] Endgame KR-KR} 32. Rc6 Rd8 33. a3 {[%cal Ba2a3,Ba3a4,Ba4a5,Ba5a6][%mdl 32]} f5 34. Ka2 g5 (34... Rc8 $11) 35. Kb3 $14 h5 (35... e4 $14) 36. Kb4 $16 g4 37. Kxb5 f4 (37... e4 $16) 38. a4 $18 e4 39. fxe4 h4 40. a5 Rf8 $2 (40... Rb8 41. Rxd6 Kc7+ 42. Kc5 Rxb2) 41. a6+ ({Weaker is} 41. Rxd6 f3 $16) 41... Ka8 42. Rc2 g3 43. hxg3 fxg3 44. b4 {[%cal Bb2b4,Bb4b5][%mdl 32]} Rg8 45. Rc1 Ka7 46. Rh1 {White mates.} Rg4 47. Ka5 Rxe4 48. b5 Rd4 49. Rf1 Rxd5 50. Rf7+ Kb8 51. a7+ Ka8 52. Ka6 {Accuracy: White = 55%, Black = 19%.} 1-0

[Event "85th Southwest Open 2019"]
[Site "Dallas"]
[Date "2019.09.02"]
[Round "7.1"]
[White "Xiong, Jeffery"]
[Black "Belous, Vladimir"]
[Result "1-0"]
[WhiteElo "2707"]
[BlackElo "2497"]
[Annotator "TA"]
[PlyCount "87"]
[EventDate "2019.08.29"]
[EventType "swiss"]
[EventCountry "USA"]
[SourceTitle "playchess.com"]
[Source "ChessBase"]
[SourceQuality "1"]

{[%evp 16,87,31,31,32,33,108,95,95,97,172,172,173,181,171,175,175,171,176,112,105,81,76,42,83,74,76,83,88,87,87,83,89,87,89,89,110,110,104,81,88,86,82,80,82,75,100,30,103,102,106,109,106,104,98,75,77,80,108,104,140,143,156,139,403,401,419,411,415,406,29993,29994,29994,29995]} 1. Nf3 c5 2. c3 Nf6 3. d4 cxd4 4. cxd4 d5 5. Nc3 Nc6 6. Bf4 a6 7. Rc1 Bf5 8. e3 e6 9. Qb3 Ra7 {D13: Slav Defence: Exchange variation without ...Bf5} (9... Nh5 10. Qxb7 Na5 11. Qc7 Nxf4 12. Qxd8+ Rxd8 13. exf4 Rb8 14. Bxa6 Bd6 15. Bb5+ Ke7 16. g3 Rhc8 17. a4 {½-½ (48) Kovalenko,I (2651)-Ramirez Alvarez,A (2574) Las Vegas 2019}) 10. Be2 Ne4 (10... Nd7 $14) 11. Nxe4 Bxe4 {White is better.} 12. Ne5 $146 {Rxc6 is the strong threat.} ({Predecessor:} 12. O-O Bxf3 13. Bxf3 f5 14. g4 fxg4 15. Bxg4 Kf7 16. e4 h5 17. Bxe6+ Kxe6 18. exd5+ Kf5 19. dxc6 Kxf4 20. Qg3+ Kf5 21. c7 {1-0 (21) Kulpruethanon,T (2210)-Ecot,L (1961) Bangkok 2015}) 12... Qa5+ (12... Bb4+ $16 13. Kf1 Nxe5 14. Qxb4 (14. Bxe5 Bd2 $14) 14... Nc6) 13. Kf1 $1 $18 Qb4 14. Qxb4 Bxb4 15. f3 Bg6 16. Nxc6 bxc6 17. Rxc6 (17. a3 $18 Bd2 18. Rxc6) 17... Kd7 $16 18. Rb6 Rc8 19. Bd1 Bc2 {next ...Ba5 is good for Black.} 20. Rxb4 Bxd1 21. Kf2 Rc2+ 22. Kg3 Be2 23. Rb8 Bd3 24. h4 h5 25. Rd1 Bb5 26. Be5 g6 27. Bf6 Kc6 28. Bd8 {Black must now prevent Rc8+.} Be2 29. Ra1 {aiming for Rc8+.} Bd3 30. Rb3 Bc4 31. Rb6+ Kd7 32. Rb8 $1 {Strongly threatening Bb6.} Kc6 33. b3 Bd3 34. Ba5 Rb7 35. Rf8 Kb5 36. Be1 Bf1 37. Kf4 Bxg2 38. a4+ {[%cal Ba2a4,Ba4a5][%mdl 32]} Kb6 39. Bb4 $1 Rf2 $2 {[%mdl 8192]} (39... e5+ $16 {keeps fighting.} 40. Kxe5 Re2) 40. Kg3 $18 Rf1 41. Be1 Bxf3 {[#]} 42. a5+ $1 ({Weaker is} 42. Ba5+ Kxa5 43. Rxf1 Bg4 $16) 42... Kb5 (42... Kc6 $18 43. Rc1+ Kd6) 43. Rc8 {[%csl Gd4][%cal Rc8c5]} Rxe1 {[#]} 44. Ra4 $1 {Accuracy: White = 88%, Black = 51%.} ({Not} 44. Rxe1 Be4 $16) 1-0